Statistiques concernant Retrouve la musique de PNL

Cliquez ici pour prendre le quiz!

Statistiques générales

  • Ce quiz a été pris 1 334 fois
  • Le résultat moyen est 8 sur 19

Statistiques - réponses

Paroles de la musiqueTitre de la musique% Correct
J'suis d'l'époque de la Sega j'mentraine à frapper comme SagatDa
81%
J'la passe, la détaille, la pécou, la visser des regrets devant ton bébéAu DD
78%
La vie c'est chelou, (vraiment chelou), solitaires, mais entre nousOnizuka
68%
Sans c'putain d'rap t'es rien, puta creuseNaha
65%
L' corbeau remplace le chant du coqÀ l'ammoniaque
63%
Remballe ton échelle au fond du trou j'empile mes péchés j'escaladeLe monde ou rien
53%
Du zoo à ItachiMenace
53%
Suce moi merci d'avoir douté de moiJ'suis qlf
43%
Mais les océans ce sont en allés, comme les fours de G.A.G.La misère est si belle
38%
J'suis dans ma tête, j'navigue un peu, t'es dans un putain de jeuRyuk
37%
J'essaie d'ouvrir mon cœur, chelou comme ça fait peurKuta Ubud
35%
Tous ces puristes MC m'font rire, dans la rue j'les aurais graille comme dans Pac-ManCœurs
34%
Nous c'est la mif et l'oseille, j'ai le cœur en double appelMexico
33%
Ok, j'ai compris, on s'en sort pas comme çaPlus tony que sosa
30%
J'compte arriver comme un ancien, j'compte partir comme un ancêtreGala gala
29%
Disque d'or, ah bon c'est nous ? Wallah j'savais pasSheita
26%
J'vis comme un Saïyan dans un monde où les murs parlentMowgli 2
24%
Chienne de guerre se prend pour Athéna-thénaCramés
23%
Et j'dis "peace peace" mais avant j'disais plus "canon scié"Déconnectés
22%

Distribution des résultats

Percentile par nombre de réponses

% des personnes avec chaque résultat

Votre développement - résultats

Vous n’avez pas pris ce quiz